00731nam a2200253 a 4500001001300000003000900013005001700022008004100039020001000080082001700090100001700107245007400124260003700198300000900235500003500244505001000279650001700289650002700306700001700333902000800350942000700358952009700365999001500462nice12345678IN_TiNIC20260116011524.0050524s1910 lona grp 000 0 eng  ac10000a232.901bSMI aSmith, David aDays of His Fleshb Earthly Life of Our Lord and Saviour Jesus Christ aLondonbHodder & Stoughtonc1910 a549p aincludes index and biblioraphy2 aIndex aJesus Christ aJesus Christ-Biography1 aSmith, David bRBA cBK 00104070aHMIbHMId2007-06-19g100.00l0o232.901 SMIp1337r2007-06-19w2026-01-16yARB c2277d2277